Получение экологичных компонентов дизельных топлив из отработанных растительных масел; Химия и химическая технология в XXI веке; Т. 2
| Parent link: | Химия и химическая технология в XXI веке: материалы XXV Юбилейной Международной научно-практической конференции студентов и молодых ученых имени выдающихся химиков Л.П. Кулёва и Н.М. Кижнера, посвященной 100-летию со дня рождения профессора В.П. Лопатинского, 20-24 мая 2024 г., г. Томск/ Национальный исследовательский Томский политехнический университет.— .— Томск: Изд-во ТПУ, 2024 Т. 2.— 2024.— С. 399-400 |
|---|---|
| 1. Verfasser: | |
| Weitere Verfasser: | |
| Zusammenfassung: | Заглавие с экрана Текстовый файл |
| Sprache: | Russisch |
| Veröffentlicht: |
2024
|
| Schlagworte: | |
| Online-Zugang: | http://earchive.tpu.ru/handle/11683/84220 |
| Format: | MixedMaterials Elektronisch Buchkapitel |
| KOHA link: | https://koha.lib.tpu.ru/cgi-bin/koha/opac-detail.pl?biblionumber=678195 |
MARC
| LEADER | 00000naa2a2200000 4500 | ||
|---|---|---|---|
| 001 | 678195 | ||
| 005 | 20250217164247.0 | ||
| 090 | |a 678195 | ||
| 100 | |a 20250116d2024 k||y0rusy50 ca | ||
| 101 | 0 | |a rus | |
| 102 | |a RU | ||
| 135 | |a drcn ---uucaa | ||
| 200 | 1 | |a Получение экологичных компонентов дизельных топлив из отработанных растительных масел |f А. И. Наурусов, И. А. Богданов |g науч. рук. И. А. Бодганов | |
| 300 | |a Заглавие с экрана | ||
| 320 | |a Литература: 2 назв | ||
| 336 | |a Текстовый файл | ||
| 461 | 1 | |0 677027 |9 677027 |t Химия и химическая технология в XXI веке |o материалы XXV Юбилейной Международной научно-практической конференции студентов и молодых ученых имени выдающихся химиков Л.П. Кулёва и Н.М. Кижнера, посвященной 100-летию со дня рождения профессора В.П. Лопатинского, 20-24 мая 2024 г., г. Томск |f Национальный исследовательский Томский политехнический университет |c Томск |d 2024 |n Изд-во ТПУ | |
| 463 | 1 | |0 677030 |9 677030 |t Т. 2 |d 2024 |v С. 399-400 |u conference_tpu-2024-C27_V2.pdf | |
| 545 | 1 | |a Малотоннажная химия: реинжиниринг и суверенные технологии | |
| 610 | 1 | |a труды учёных ТПУ | |
| 610 | 1 | |a электронный ресурс | |
| 610 | 1 | |a биодизельное топливо | |
| 610 | 1 | |a отработанное масло | |
| 610 | 1 | |a гидроокись натрия | |
| 610 | 1 | |a катализаторы | |
| 700 | 1 | |a Наурусов |b А. И. | |
| 701 | 1 | |a Богданов |b И. А. |c химик |c инженер-исследователь Томского политехнического университета |f 1994- |g Илья Александрович |9 22217 | |
| 702 | 1 | |a Богданов |b И. А. |c химик |c инженер-исследователь Томского политехнического университета |f 1994- |g Илья Александрович |4 727 | |
| 801 | 0 | |a RU |b 63413507 |c 20250116 |g RCR | |
| 850 | |a 63413507 | ||
| 856 | 4 | |u http://earchive.tpu.ru/handle/11683/84220 |z http://earchive.tpu.ru/handle/11683/84220 | |
| 942 | |c CF | ||